Mass media and historical change : (Record no. 21333)
[ view plain ]
| 000 -LEADER | |
|---|---|
| fixed length control field | 01056cam a22003135a 4500 |
| 001 - CONTROL NUMBER | |
| control field | 017166864 |
| 003 - CONTROL NUMBER IDENTIFIER | |
| control field | OSt |
| 005 - DATE AND TIME OF LATEST TRANSACTION | |
| control field | 20160307133236.0 |
| 008 - FIXED-LENGTH DATA ELEMENTS--GENERAL INFORMATION | |
| fixed length control field | 150416t2015 nyu frb 001 0 eng d |
| 020 ## - INTERNATIONAL STANDARD BOOK NUMBER | |
| Cancelled/invalid ISBN | 9781782386254 |
| 040 ## - CATALOGING SOURCE | |
| Original cataloging agency | StDuBDS |
| Language of cataloging | eng |
| Transcribing agency | StDuBDS |
| Description conventions | pn |
| Modifying agency | EG-ScBUE |
| 041 1# - LANGUAGE CODE | |
| Language code of text/sound track or separate title | eng |
| Language code of original and/or intermediate translations of text | ger |
| 082 04 - DEWEY DECIMAL CLASSIFICATION NUMBER | |
| Classification number | 302.2309 |
| Edition number | 22 |
| Item number | BOS |
| 100 1# - MAIN ENTRY--PERSONAL NAME | |
| Personal name | Bösch, Frank, |
| Dates associated with a name | 1969- |
| 9 (RLIN) | 39495 |
| 240 10 - UNIFORM TITLE | |
| Uniform title | <a href="Mediengeschichte.">Mediengeschichte.</a> |
| Language of a work | English |
| 245 10 - TITLE STATEMENT | |
| Title | Mass media and historical change : |
| Remainder of title | Germany in international perspective, 1400 to the present / |
| Statement of responsibility, etc | Frank Bosch ; translated by Freya Buechter. |
| 260 ## - PUBLICATION, DISTRIBUTION, ETC. (IMPRINT) | |
| Place of publication, distribution, etc | New York ; |
| -- | Oxford : |
| Name of publisher, distributor, etc | Berghahn Books, |
| Date of publication, distribution, etc | c.2015. |
| 300 ## - PHYSICAL DESCRIPTION | |
| Extent | 205 p. ; |
| Dimensions | 24 cm. |
| 500 ## - GENERAL NOTE | |
| General note | Index : p. 197-205. |
| 504 ## - BIBLIOGRAPHY, ETC. NOTE | |
| Bibliography, etc | Bibliography : p. 175-196. |
| 546 ## - LANGUAGE NOTE | |
| Language note | Text in English ; translated from original German. |
| 650 #0 - SUBJECT ADDED ENTRY--TOPICAL TERM | |
| Topical term or geographic name as entry element | Mass media |
| General subdivision | History. |
| Source of heading or term | BUEsh |
| 650 #7 - SUBJECT ADDED ENTRY--TOPICAL TERM | |
| Topical term or geographic name as entry element | Journalism. |
| Source of heading or term | BUEsh |
| 9 (RLIN) | 37800 |
| 651 ## - SUBJECT ADDED ENTRY--GEOGRAPHIC NAME | |
| Source of heading or term | BUEsh |
| 653 ## - INDEX TERM--UNCONTROLLED | |
| Resource For college | Communication and mass media |
| Arrived date list | March2016 |
| 700 1# - ADDED ENTRY--PERSONAL NAME | |
| Personal name | Buechter, Freya, |
| Relator term | translator. |
| 776 08 - ADDITIONAL PHYSICAL FORM ENTRY | |
| Display text | Print version |
| International Standard Book Number | 9781782386254 |
| 942 ## - ADDED ENTRY ELEMENTS (KOHA) | |
| Source of classification or shelving scheme | Dewey Decimal Classification |
| Withdrawn status | Item status | Source of classification or shelving scheme | Damaged status | Not for loan | Vendor | Home library | Current library | Shelving location | Date acquired | Source of acquisition | Cost, normal purchase price | Total Checkouts | Full call number | Barcode | Date last seen | Date last borrowed | Cost, replacement price | Koha item type |
|---|---|---|---|---|---|---|---|---|---|---|---|---|---|---|---|---|---|---|
| Dewey Decimal Classification | MERIC | Central Library | Central Library | First floor | 07/03/2016 | Purchase | 1000.00 | 1 | 302.2309 BOS | 000031899 | 15/07/2025 | 09/12/2019 | 1250.00 | Book - Borrowing |